Modulo 1: desarrollo de los temas de los contenidos básicos comunes bs. as. /

Guardado en:
Formato: Libro
Publicado: La Plata : Dirección General de Cultura y Educación, 1995
Materias:
Etiquetas: Agregar Etiqueta
Sin Etiquetas, Sea el primero en etiquetar este registro!
LEADER 00716nam a22001935a 4500
001 CEM.cems008654
005 20060214000000.0
008 130507s1995##################000#0#####d
003 CEMS
082 0 4 |a 375 
245 0 0 |a Modulo 1: desarrollo de los temas de los contenidos básicos comunes bs. as. / 
260 |a La Plata :  |b Dirección General de Cultura y Educación,  |c 1995 
300 |a 95 p. 
505 0 |a Lengua. Matem tica. Ciencias Sociales. Ciencias Naturales. Computaci¢n e Inform tica.- 
653 |a Curriculum 
653 |a Educacion 
653 |a Educacion-prov. bs. as. 
859 |a CEMS  |b BIB. CEMS - 11 de abril  |h 375  |i B862/1  |p 18082.95  |t Ej.1 
859 |a CEMS  |b BIB. CEMS - 11 de abril  |h 375  |i B862/1  |p 18294.95  |t Ej.2